000 00540nam a2200229Ia 4500
003 OSt
005 20220923225356.0
006 a|||||r|||| 00| 0
007 ta
008 220922b |||||||| |||| 00| 0 hin d
024 _a264,642
037 _cTextual
040 _aARTS
_cARTS
_bhin
041 _2hin
_ahin
082 _aQ2m2,N, 152K3.1
245 0 _aकल्याण
246 _aKalyāṇa
260 _c1963
650 _aधर्म
942 _hQ2m2,N, 152K3.1
_cTEXL
_2CC
999 _c377860
_d377860